Подробности
| 000 -МАРКЕР |
| контрольное поле |
01600nam0a22002891 4500 |
| 001 - ИДЕНТИФИКАТОР ЗАПИСИ |
| контрольное поле |
rc\3231876 |
| 005 - ИДЕНТИФИКАТОР ВЕРСИИ |
| контрольное поле |
20260407160051.0 |
| 021 ## - НОМЕР ГОСУДАРСТВЕННОЙ РЕГИСТРАЦИИ |
| Код страны |
Российская Федерация |
| Номер |
[73-245] |
| 035 ## - ДРУГИЕ СИСТЕМНЫЕ НОМЕРА |
| Идентификатор записи |
(NLR Aleph) 007471559 |
| 100 ## - ДАННЫЕ ОБЩЕЙ ОБРАБОТКИ |
| Данные общей обработки |
20130115d1972 |||y0rusy50 ca |
| 101 0# - ЯЗЫК РЕСУРСА |
| Язык текста, звукозаписи и т.д. |
русский |
| 102 ## - СТРАНА ПУБЛИКАЦИИ ИЛИ ПРОИЗВОДСТВА |
| Страна публикации |
Российская Федерация |
| 105 ## - ПОЛЕ КОДИРОВАННЫХ ДАННЫХ: ТЕКСТОВЫЕ МАТЕРИАЛЫ, МОНОГРАФИЧЕСКИЕ |
| Кодированные данные о монографическом текстовом документе |
y z ||||| |
| 200 1# - ЗАГЛАВИЕ И СВЕДЕНИЯ ОБ ОТВЕТСТВЕННОСТИ |
| Основное заглавие |
Экология, морфология, охрана и использование медведей |
| Сведения, относящиеся к заглавию |
Материалы совещ. |
| Первые сведения об ответственности |
[Гл. ред. чл.-кор. АН СССР В.Е. Соколов] |
| Последующие сведения об ответственности |
АН СССР. Ин-т эволюц. морфологии и экологии животных им. А.Н. Северцова. Центр. лаб. охраны природы МСХ СССР. Моск. о-во испытателей природы. Всерос. о-во охраны природы. Секция охраны диких зверей |
| 210 ## - ПУБЛИКАЦИЯ, РАСПРОСТРАНЕНИЕ И ДР. |
| Место издания, распространения и т.д. |
Москва |
| Имя издателя, распространителя и т. д. |
Наука |
| Дата издания, распространения и т.д. |
1972 |
| 215 ## - ФИЗИЧЕСКАЯ ХАРАКТЕРИСТИКА |
| Специфическое обозначение материала и объем |
110 с. |
| Размеры |
20 |
| 606 ## - НАИМЕНОВАНИЕ ТЕМЫ КАК ПРЕДМЕТ |
| Наименование темы |
Медведи |
| Формальный подзаголовок |
Сборники |
| Код системы |
psbo |
| 702 #1 - ИМЯ ЛИЦА - ВТОРИЧНАЯ ОТВЕТСТВЕННОСТЬ |
| Код отношения |
Редактор |
| Материалы, к которым относится поле |
rus |
| Графика поля |
Кириллица |
| Начальный элемент ввода |
Соколов |
| Часть имени, кроме начального элемента ввода |
В. Е. |
| Дополнения к именам, кроме дат |
д-р биол. наук |
| Даты |
1928-1998 |
| Расширение инициалов личного имени |
Владимир Евгеньевич |
| Идентификатор авторитетной/нормативной записи |
RU\NLR\AUTH\77146 |
| Системный номер авторитетной/нормативной записи |
110223 |
| 712 02 - НАИМЕНОВАНИЕ ОРГАНИЗАЦИИ - ВТОРИЧНАЯ ОТВЕТСТВЕННОСТЬ |
| Начальный элемент ввода |
Институт эволюционной морфологии им. А. Н. Северцова |
| Идентифицирующий признак |
Москва |
| Идентификатор авторитетной/нормативной записи |
RU\NLR\AUTH\8813516 |
| Системный номер авторитетной/нормативной записи |
300043 |
| 712 12 - НАИМЕНОВАНИЕ ОРГАНИЗАЦИИ - ВТОРИЧНАЯ ОТВЕТСТВЕННОСТЬ |
| Начальный элемент ввода |
Совещание по изучению медведей |
| Порядковый номер временной организации и / или порядковый номер ее части |
1 |
| Дата проведения временной организации |
1972 |
| Место проведения временной организации |
Москва |
| Идентификатор авторитетной/нормативной записи |
RU\NLR\AUTH\8810097596 |
| Системный номер авторитетной/нормативной записи |
696259 |
| 801 #0 - ИСТОЧНИК ЗАПИСИ |
| Страна |
Российская Федерация |
| Организация |
NLR |
| Правила каталогизации |
psbo |
| 801 #1 - ИСТОЧНИК ЗАПИСИ |
| Страна |
Российская Федерация |
| Организация |
ELAR |
| Источник данных |
rusmarc |
| 852 ## - МЕСТОНАХОЖДЕНИЕ И ШИФР ХРАНЕНИЯ |
| Идентификатор организации |
NLR |
| Шифр хранения (Call Number) |
72-3/11478 |
| 942 ## - ДОПОЛНИТЕЛЬНЫЕ ЭЛЕМЕНТЫ ЗАПИСИ (АБИС) |
| Тип экземпляра АБИС |
Книга |
| 980 ## - КОЛЛЕКЦИЯ |
| Название коллекции |
Национальная библиография |